[Event "NatWest Young Masters 3rd"]
[Site "London"]
[Date "1986.09.07"]
[Round "9"]
[White "Ravikumar, Vaidyanathan"]
[Black "Schiller, Eric Andrew"]
[Result "1/2-1/2"]
[WhiteElo "2345"]
[BlackElo "2370"]
[PlyCount "28"]
[EventDate "1986.08.30"]
[EventType "tourn"]
[EventRounds "9"]
[EventCountry "ENG"]
[EventCategory "6"]
[SourceTitle "BritBase"]
[Source "John Saunders"]
[SourceDate "2020.09.07"]
[SourceVersion "1"]
[SourceVersionDate "2020.09.07"]
[SourceQuality "2"]

1. e4 c6 2. d4 d5 3. Nc3 dxe4 4. Nxe4 Nd7 5. Bc4 Ngf6 6. Ng5 e6 7. Qe2 Nb6 8.
Bd3 h6 9. N5f3 c5 10. dxc5 Bxc5 11. Ne5 Nbd7 12. Ngf3 Nxe5 13. Nxe5 O-O 14. Bd2
Qd5 1/2-1/2

[Event "NatWest Young Masters 3rd"]
[Site "London"]
[Date "1986.09.07"]
[Round "9"]
[White "Rodgaard, John"]
[Black "Gallagher, Joseph G"]
[Result "1/2-1/2"]
[WhiteElo "2350"]
[BlackElo "2360"]
[PlyCount "62"]
[EventDate "1986.08.30"]
[EventType "tourn"]
[EventRounds "9"]
[EventCountry "ENG"]
[EventCategory "6"]
[SourceTitle "BritBase"]
[Source "John Saunders"]
[SourceDate "2020.09.07"]
[SourceVersion "1"]
[SourceVersionDate "2020.09.07"]
[SourceQuality "2"]

1. g3 e5 2. c4 Nc6 3. Bg2 g6 4. Nc3 Bg7 5. e3 d6 6. d3 Be6 7. Nge2 Qd7 8. Nd5
Nd8 9. h3 c6 10. Ndc3 Ne7 11. b3 O-O 12. d4 exd4 13. Nxd4 d5 14. cxd5 Nxd5 15.
Bb2 Nxc3 16. Bxc3 Re8 17. Ne2 Qe7 18. Bxg7 Kxg7 19. O-O Bf5 20. Qd4+ Kg8 21.
Rfd1 Ne6 22. Qd6 Qxd6 23. Rxd6 Rad8 24. Rxd8 Nxd8 25. Rd1 Kf8 26. Nc3 Ke7 27.
f4 Bc8 28. Kf2 Ne6 29. e4 Rd8 30. Rxd8 Nxd8 31. Ke3 f6 1/2-1/2

[Event "NatWest Young Masters 3rd"]
[Site "London"]
[Date "1986.09.07"]
[Round "9"]
[White "Thomas, Ian L"]
[Black "Pedersen, Erik"]
[Result "0-1"]
[WhiteElo "2350"]
[BlackElo "2400"]
[PlyCount "76"]
[EventDate "1986.08.30"]
[EventType "tourn"]
[EventRounds "9"]
[EventCountry "ENG"]
[EventCategory "6"]
[SourceTitle "BritBase"]
[Source "John Saunders"]
[SourceDate "2020.09.07"]
[SourceVersion "1"]
[SourceVersionDate "2020.09.07"]
[SourceQuality "2"]

1. e4 c6 2. c4 d5 3. exd5 cxd5 4. d4 Nf6 5. Nc3 e6 6. Bf4 Be7 7. c5 O-O 8. b4
b6 9. Nf3 a5 10. a3 Ne4 11. Na4 Nd7 12. Bb5 axb4 13. c6 Ba6 14. Bxa6 Rxa6 15.
cxd7 bxa3 16. Qb3 Qxd7 17. Nb2 Rfa8 18. Nd3 Qa4 19. Qxa4 Rxa4 20. O-O a2 21.
Rfc1 b5 22. Rc2 b4 23. Nc1 Ra3 24. Rb2 Nc3 25. Bd2 f6 26. Ne1 $2 {(Kf1!)} Nd1
$1 27. Rbxa2 Rxa2 28. Rxa2 Rxa2 29. Nxa2 b3 30. Nc3 Nxc3 31. Bxc3 Bb4 32. Bxb4
b2 33. Bd2 b1=Q 34. Kf1 Qb5+ 35. Kg1 Qe2 36. Bc3 e5 37. dxe5 fxe5 38. g3 d4 0-1

[Event "NatWest Young Masters 3rd"]
[Site "London"]
[Date "1986.09.07"]
[Round "9"]
[White "Whiteley, Andrew J"]
[Black "Gerber, Richard"]
[Result "0-1"]
[WhiteElo "2375"]
[BlackElo "2395"]
[PlyCount "48"]
[EventDate "1986.08.30"]
[EventType "tourn"]
[EventRounds "9"]
[EventCountry "ENG"]
[EventCategory "6"]
[SourceTitle "BritBase"]
[Source "John Saunders"]
[SourceDate "2020.09.07"]
[SourceVersion "1"]
[SourceVersionDate "2020.09.07"]
[SourceQuality "2"]

1. d4 Nf6 2. c4 g6 3. Nf3 Bg7 4. g3 O-O 5. Bg2 d6 6. O-O Nbd7 7. Nc3 e5 8. e4
exd4 9. Nxd4 Nc5 10. Re1 $6 Ng4 $1 11. f4 c6 12. h3 Qb6 13. Kf1 Na6 14. Nce2
Nf6 15. Nc2 Nc5 16. Nc3 Re8 17. Rb1 Be6 18. Na3 Qb4 19. Qe2 Ncxe4 $1 20. Nxe4
Nxe4 21. Qxe4 Bxc4+ 22. Nxc4 Rxe4 23. Rxe4 d5 24. Bd2 Qb5 0-1